Vplyv Li+ iónov na bioenergetiku a morfológiu mitochondrií kardiomyoblastov

Na minha lista:
Detalhes bibliográficos
Autor principal: Štepanovský, Jakub (Author)
Outros Autores: Ševčíková Tomášková, Zuzana (Thesis advisor)
Formato: Manuscrito Livro
Idioma:eslovaco
Publicado em: 2023
Assuntos:
Acesso em linha:http://is.stuba.sk/zp/portal_zp.pl?podrobnosti=172526
Tags: Adicionar Tag
Sem tags, seja o primeiro a adicionar uma tag!

MARC

LEADER 00000ntm a22000003a 4500
001 stuzp93417
003 SK-STU
005 20230909215001.2
007 ta
008 150427s2015----xo-----f-mn---000-0-slo-d
040 |a STU  |b slo 
041 0 |a slo 
100 1 |a Štepanovský, Jakub  |u 043000  |4 aut  |U FCHPT Fakulta chemickej a potravinárskej technológie  |T FCHPT Ústav biochémie a mikrobiológie  |X 88504  |U C3000  |Y 101  |7 88504 
242 0 1 |a Effect of Li+ ions on bioenergetics and morphology of mitochondria of cardiomyoblasts  |y eng 
245 1 0 |a Vplyv Li+ iónov na bioenergetiku a morfológiu mitochondrií kardiomyoblastov 
260 |c 2023 
650 4 |a lítium  |2 slo 
650 4 |a mitochondria  |2 slo 
650 4 |a bioenergetika  |2 slo 
650 4 |a mitochondriálna sieť  |2 slo 
650 4 |a mitochondriálne dýchanie  |2 slo 
650 4 |a reaktívne formy kyslíka  |2 slo 
650 4 |a Bioenergetics  |2 eng 
650 4 |a Lithium  |2 eng 
650 4 |a Mitochondrial network  |2 eng 
650 4 |a Mitochondria  |2 eng 
650 4 |a Mitochondrial respiration  |2 eng 
650 4 |a Reactive oxygen species  |2 eng 
700 1 |a Ševčíková Tomášková, Zuzana  |4 ths  |X 84983  |7 84983 
856 4 |u http://is.stuba.sk/zp/portal_zp.pl?podrobnosti=172526